=LDR 00000nam 2200000 4500 =001 INLIS000000000003512 =005 20200803083834 =035 ##$$a 0010-061300000003512 =008 200803################g##########0#ind## =041 ##$$a Ind =082 ##$$a 2x7.3 =090 ##$$a 2x7.3, Bag m =100 1#$$a Baqriy, Ahmad Mahir =245 1#$$a Menghias pandangan mata : Pendidikan anak mutakhir menurut Islam / oleh Ahmad Mahir Al-Baqriy; Penerjemah, Irwan Raihan. -- /$c Ahmad Mahir Al-Baqriy; Penerjemah, Irwan Raihan. -- =260 ##$$a Yogyakarta :$b Madani Pustaka Hikmah,$c 2000 =300 ##$$a x, 240 hlm. ; $c 13 x 21 cm =650 #4$$a Islam - Pendidikan =700 #$$a Raihan, Irwan =850 ##$$a NBPNMAT =084 ##$$a 2x7.3 BAQ m =250 ##$$a cet.1 =990 ##$$a DW00014405 =990 ##$$a 160.584/Pb-2001 =990 ##$$a DW00011915 =990 ##$$a 56.196/pb-2000